Michael Romberg : ilustrace k ruské a sovětské literatuře : Grafický kabinet DU : katalog výstavy /

Hlavní autor: Romberg, Michael, 1918-1982
Korporativní autor: Dům umění města Brna
Další autoři: Murat, René
Jazyk: Čeština
Vydáno: [Brno : Dům umění, 1963]
Fyzický popis: 1 nestránkovaný sv.
Knihy
Uloženo v:
LEADER 00871nam a2200205 a 4500
001 000610875
003 CZ BrMZK
005 20181119103859.0
008 020716s1963 xr f cze d
040 |a BOA001  |b cze  |c BOA001 
100 1 |a Romberg, Michael,  |d 1918-1982  |7 jk01102660  |4 art 
245 1 0 |a Michael Romberg :  |b ilustrace k ruské a sovětské literatuře : Grafický kabinet DU : katalog výstavy /  |c katalog připravil René Murat 
260 |a [Brno :  |b Dům umění,  |c 1963] 
300 |a 1 nestránkovaný sv. 
700 1 |a Murat, René  |7 jk01082489  |4 edt 
710 2 |a Dům umění města Brna  |7 ko2002101743 
910 |a BOA001  |b X-0505.253  |b X-0505.254 
990 |a BK 
996 6 |b 2618950235  |c X-0505.254  |l MZK  |r Sklad / do 24 hodin  |n 0  |w 000610875  |u 000020  |a 1  |e BOA001  |j MZK50  |s P 
996 6 |b 2618950236  |c X-0505.253  |l MZK  |r Sklad / do 24 hodin  |n 0  |w 000610875  |u 000010  |a 1  |e BOA001  |j MZK50  |s P